000 00860nam a2200241Ia 4500
003 OSt
005 20220923222340.0
006 a|||||r|||| 00| 0
007 ta
008 220922b |||||||| |||| 00| 0 hin d
024 _a204,598
037 _cTextual
040 _aARTS
_cARTS
_bhin
041 _2hin
_ahin
082 _aO157:2M63:18, 152H9
100 _aराय, द्विजेन्द्रलाल; पाण्डेय, रुपनारायण, अनु.
_9166802
245 0 _aभीष्म
246 _aBhīṣhma
260 _c1949
490 _aहिन्दी ग्रंथरत्नाकार; 33
942 _hO157:2M63:18, 152H9
_cTEXL
_2CC
999 _c355346
_d355346